Annual review of astronomy and astrophysics (Record no. 3610)

MARC details
000 -LEADER
fixed length control field 00560nam a2200181Ia 4500
003 - CONTROL NUMBER IDENTIFIER
control field IN-BaIIA
008 - FIXED-LENGTH DATA ELEMENTS--GENERAL INFORMATION
fixed length control field 211028s9999 xx 000 0 eng d
040 ## - CATALOGING SOURCE
Transcribing agency IIA Library
080 ## - UNIVERSAL DECIMAL CLASSIFICATION NUMBER
Universal Decimal Classification number (05)52
Item number ANN-8
245 #0 - TITLE STATEMENT
Title Annual review of astronomy and astrophysics
Statement of responsibility, etc. edited by Leo Goldberg
260 ## - PUBLICATION, DISTRIBUTION, ETC.
Place of publication, distribution, etc. Palo Alto, California
Name of publisher, distributor, etc. Annual Reviews
Date of publication, distribution, etc. 1970
300 ## - PHYSICAL DESCRIPTION
Extent ix, 495p.
650 ## - SUBJECT ADDED ENTRY--TOPICAL TERM
Topical term or geographic name entry element Astronomy and astrophysics thesaurus
650 ## - SUBJECT ADDED ENTRY--TOPICAL TERM
Topical term or geographic name entry element Astronomy-Periodicals
9 (RLIN) 4087
650 ## - SUBJECT ADDED ENTRY--TOPICAL TERM
Topical term or geographic name entry element Astrophysics-Periodicals
9 (RLIN) 4088
700 ## - ADDED ENTRY--PERSONAL NAME
Personal name Goldberg, Leo., ed.
9 (RLIN) 4090
942 ## - ADDED ENTRY ELEMENTS (KOHA)
Koha item type Books
Holdings
Withdrawn status Lost status Damaged status Not for loan Home library Current library Shelving location Date acquired Cost, normal purchase price Total Checkouts Full call number Barcode Date last seen Cost, replacement price Price effective from Koha item type Purchase Price
        IIA Library-Bangalore IIA Library-Bangalore General Stacks 06/11/1970 86.62   (05)52/ ANN-8 4032 05/11/2021 86.62 06/11/1970 Books Rs. 86.62

Powered by Koha